00424nam a2200181Ia 4500003000400000005001700004008004100021020001400062040000700076041000800083082002200091100002000113245004600133260003400179300001500213365000800228440000600236OSt20230327092802.0210423s2008 xx 000 0 und d a818030163 cAL aeng a540.03 223bSELV aSELVARAJ (V K). aEncyclopaedic dictionary of chemistry.V2. aNew DelhibCampus Booksc2008 avi,592bHB cINR v2